El Federalismo en la India : (Record no. 123482)

MARC details
000 -LEADER
fixed length control field 00573cam a2200169 4500
008 - FIXED-LENGTH DATA ELEMENTS--GENERAL INFORMATION
fixed length control field s1976 spa
050 00 - LIBRARY OF CONGRESS CALL NUMBER
Classification number JQ211
Item number S43 1976
100 1# - MAIN ENTRY--PERSONAL NAME
Personal name Seervai, H. M.
245 13 - TITLE STATEMENT
Title El Federalismo en la India :
Remainder of title La constitución y la suprema corte de la India /
Statement of responsibility, etc H. M. Seervai ; estudio preliminar y traducción de Lucio Cabrera Acevedo.
260 ## - PUBLICATION, DISTRIBUTION, ETC. (IMPRINT)
Date of publication, distribution, etc 1976
300 ## - PHYSICAL DESCRIPTION
Extent 149 p. ;
Dimensions 23 cm.
440 #0 - SERIES STATEMENT/ADDED ENTRY--TITLE
Title Serie G : Estudio Doctrinales ;
Volume number/sequential designation no.17
700 1# - ADDED ENTRY--PERSONAL NAME
Personal name Cabrera Acevedo, Lucio, tr.
942 ## - ADDED ENTRY ELEMENTS (KOHA)
Source of classification or shelving scheme Biblioteca del Cogreso de los Estados Unidos
Koha item type Libro

No items available.